Vista normal
Vista MARC
Entrada Personal Name
Número de registros utilizados en: 1
001 - CONTROL NUMBER
- control field: 17345
003 - CONTROL NUMBER IDENTIFIER
- control field: DLC
005 - DATE AND TIME OF LATEST TRANSACTION
- control field: 20250718091437.0
008 - FIXED-LENGTH DATA ELEMENTS
- fixed length control field: 800522n| azannaabn |a aaa
010 ## - LIBRARY OF CONGRESS CONTROL NUMBER
- LC control number: n 50026253
035 ## - SYSTEM CONTROL NUMBER
- System control number: (OCoLC)oca00061648
040 ## - CATALOGING SOURCE
- Original cataloging agency: DLC
- Language of cataloging: spa
- Description conventions: rda
- Transcribing agency: Mx-PuUPA
- Modifying agency: CoU
- Modifying agency: DLC
- Modifying agency: DLC
- Modifying agency: DNLM
- Modifying agency: Mx-PuUPA
046 ## - SPECIAL CODED DATES
- Birth date: 18110505
- Death date: 18820104
- Source of date scheme: edtf
100 1# - HEADING--PERSONAL NAME
- Personal name: Draper, John William,
- Dates associated with a name: 1811-1882
370 ## - ASSOCIATED PLACE
- Place of birth: Saint Helens, Reino Unido
- Place of death: Nueva York, Estados Unidos
373 ## - ASSOCIATED GROUP
- Associated group: Universidad de Londres
- Associated group: Colegio de Hampden Sidney (Virginia)
- Associated group: Universidad de Nueva York
374 ## - OCCUPATION
- Occupation: Autor
- Occupation: Químico, Historiador y Físico estadounidense
375 ## - GENDER
- Gender: hombre
377 ## - ASSOCIATED LANGUAGE
- Language code: eng
400 1# - SEE FROM TRACING--PERSONAL NAME
- Personal name: Draper, J. W.
- Fuller form of name: (John William),
- Dates associated with a name: 1811-1882
400 1# - SEE FROM TRACING--PERSONAL NAME
- Personal name: Draper, Juan Guillermo,
- Dates associated with a name: 1811-1882
400 1# - SEE FROM TRACING--PERSONAL NAME
- Personal name: Drėper, Dzhon Uilʹi︠a︡m,
- Dates associated with a name: 1811-1882
670 ## - SOURCE DATA FOUND
- Source citation: Historia de los conflictos ... 1876:
- Information found: t.p. (Juan Guillermo Draper)
670 ## - SOURCE DATA FOUND
- Source citation: History of the American Civil War, c2007- :
- Information found: t.p. (J.W. Draper) cover (John William Draper)